Sports Quiz

Random Sports or Tennis Quiz

French Open Women's Seeds (Since 2001) Quiz Stats

 Plays Quiz Updated Jun 7, 2018

Challenge
Share
Tweet
Embed
Score 0/288 Timer 08:00
9 Plays Today
year player % Correct
2012Maria Sharapova
88.2%
2011Maria Sharapova
88.2%
2010Maria Sharapova
88.2%
2008Maria Sharapova
88.2%
2007Maria Sharapova
88.2%
2006Maria Sharapova
88.2%
2005Maria Sharapova
88.2%
2013Maria Sharapova
88.2%
2014Maria Sharapova
88%
2015Maria Sharapova
87.9%
2018Simona Halep
83.2%
2018Angelique Kerber
82.9%
2018Caroline Wozniacki
82.5%
2017Angelique Kerber
81.7%
2012Li Na
81.6%
2011Li Na
81.6%
2010Li Na
81.6%
2007Li Na
81.6%
2013Li Na
81.6%
2014Li Na
81.4%
2007Justine Henin
78.6%
2006Justine Henin-Hardenne
78.6%
2005Justine Henin-Hardenne
78.6%
2004Justine Henin-Hardenne
78.6%
2003Justine Henin-Hardenne
78.6%
2002Justine Henin
78.6%
2001Justine Henin
78.6%
2017Caroline Wozniacki
78.3%
2018Garbiñe Muguruza
77.7%
2017Simona Halep
77%
2017Venus Williams
76.6%
2012Serena Williams
76.3%
2010Serena Williams
76.3%
2009Serena Williams
76.3%
2008Serena Williams
76.3%
2007Serena Williams
76.3%
2004Serena Williams
76.3%
2003Serena Williams
76.3%
2002Serena Williams
76.3%
2001Serena Williams
76.3%
2013Serena Williams
76.3%
2010Venus Williams
76.2%
2009Venus Williams
76.2%
2008Venus Williams
76.2%
2006Venus Williams
76.2%
2005Venus Williams
76.2%
2004Venus Williams
76.2%
2003Venus Williams
76.2%
2002Venus Williams
76.2%
2001Venus Williams
76.2%
2017Garbiñe Muguruza
76%
2014Serena Williams
75.9%
2015Serena Williams
75.6%
2015Venus Williams
75.5%
2016Serena Williams
75.4%
2016Venus Williams
75.3%
2018Venus Williams
75.1%
2018Jeļena Ostapenko
74.7%
2018Sloane Stephens
74.4%
2018Petra Kvitová
72.3%
2006Martina Hingis
71.9%
2001Martina Hingis
71.9%
2017Agnieszka Radwańska
71.7%
2012Angelique Kerber
71.6%
2013Angelique Kerber
71.6%
2014Angelique Kerber
71.5%
2015Angelique Kerber
71.3%
2016Angelique Kerber
71%
2016Garbiñe Muguruza
69.6%
2012Agnieszka Radwańska
69.3%
2011Agnieszka Radwańska
69.3%
2010Agnieszka Radwańska
69.3%
2009Agnieszka Radwańska
69.3%
2008Agnieszka Radwańska
69.3%
2013Agnieszka Radwańska
69.3%
2017Svetlana Kuznetsova
69.1%
2018Karolína Plíšková
69%
2014Agnieszka Radwańska
69%
2011Kim Clijsters
68.9%
2006Kim Clijsters
68.9%
2005Kim Clijsters
68.9%
2003Kim Clijsters
68.9%
2002Kim Clijsters
68.9%
2001Kim Clijsters
68.9%
2015Agnieszka Radwańska
68.6%
2017Petra Kvitová
68.6%
2012Ana Ivanović
68.5%
2009Ana Ivanović
68.5%
2008Ana Ivanović
68.5%
2007Ana Ivanović
68.5%
2013Ana Ivanović
68.5%
2016Agnieszka Radwańska
68.3%
2014Ana Ivanović
68.1%
2015Ana Ivanović
67.8%
2017Karolína Plíšková
67.5%
2016Ana Ivanović
67.5%
year player % Correct
2012Caroline Wozniacki
67.1%
2011Caroline Wozniacki
67.1%
2010Caroline Wozniacki
67.1%
2009Caroline Wozniacki
67.1%
2013Caroline Wozniacki
67.1%
2014Caroline Wozniacki
66.6%
2012Victoria Azarenka
66.4%
2011Victoria Azarenka
66.4%
2010Victoria Azarenka
66.4%
2009Victoria Azarenka
66.4%
2008Victoria Azarenka
66.4%
2013Victoria Azarenka
66.4%
2014Simona Halep
66.4%
2015Caroline Wozniacki
66.3%
2015Simona Halep
66%
2016Simona Halep
65.7%
2016Victoria Azarenka
65.2%
2018Elina Svitolina
65%
2018Caroline Garcia
65%
2017Elina Svitolina
63.5%
2011Svetlana Kuznetsova
63.5%
2010Svetlana Kuznetsova
63.5%
2009Svetlana Kuznetsova
63.5%
2008Svetlana Kuznetsova
63.5%
2007Svetlana Kuznetsova
63.5%
2006Svetlana Kuznetsova
63.5%
2005Svetlana Kuznetsova
63.5%
2004Svetlana Kuznetsova
63.5%
2016Svetlana Kuznetsova
62.4%
2009Amélie Mauresmo
61.5%
2007Amélie Mauresmo
61.5%
2006Amélie Mauresmo
61.5%
2005Amélie Mauresmo
61.5%
2004Amélie Mauresmo
61.5%
2003Amélie Mauresmo
61.5%
2002Amélie Mauresmo
61.5%
2001Amélie Mauresmo
61.5%
2011Jelena Janković
61.4%
2010Jelena Janković
61.4%
2009Jelena Janković
61.4%
2008Jelena Janković
61.4%
2007Jelena Janković
61.4%
2005Jelena Janković
61.4%
2014Jelena Janković
60.9%
2017Dominika Cibulková
60.5%
2010Dinara Safina
58.9%
2009Dinara Safina
58.9%
2008Dinara Safina
58.9%
2007Dinara Safina
58.9%
2006Dinara Safina
58.9%
2018Elise Mertens
58.8%
2018Madison Keys
57.8%
2012Samantha Stosur
56.6%
2011Samantha Stosur
56.6%
2010Samantha Stosur
56.6%
2013Samantha Stosur
56.6%
2012Petra Kvitová
56.5%
2011Petra Kvitová
56.5%
2013Petra Kvitová
56.5%
2014Petra Kvitová
56.1%
2015Petra Kvitová
55.7%
2016Petra Kvitová
55.2%
2017Kristina Mladenovic
53.8%
2010Elena Dementieva
53.5%
2009Elena Dementieva
53.5%
2008Elena Dementieva
53.5%
2007Elena Dementieva
53.5%
2006Elena Dementieva
53.5%
2005Elena Dementieva
53.5%
2004Elena Dementieva
53.5%
2003Elena Dementieva
53.5%
2002Elena Dementieva
53.5%
2001Elena Dementieva
53.5%
2018Julia Görges
51.8%
2012Francesca Schiavone
51.6%
2011Francesca Schiavone
51.6%
2006Francesca Schiavone
51.6%
2004Francesca Schiavone
51.6%
2017Elena Vesnina
51.5%
2018Daria Kasatkina
51.2%
2017Anastasia Pavlyuchenkova
51.2%
2015Eugenie Bouchard
50.6%
2006Anastasia Myskina
50.4%
2005Anastasia Myskina
50.4%
2004Anastasia Myskina
50.4%
2003Anastasia Myskina
50.4%
2005Lindsay Davenport
50.3%
2004Lindsay Davenport
50.3%
2003Lindsay Davenport
50.3%
2013Sara Errani
49.3%
2014Sara Errani
48.8%
2012Marion Bartoli
48%
2011Marion Bartoli
48%
2010Marion Bartoli
48%
2009Marion Bartoli
48%
2008Marion Bartoli
48%
year player % Correct
2013Marion Bartoli
48%
2016Sara Errani
47.8%
2012Dominika Cibulková
47.1%
2013Dominika Cibulková
47.1%
2017Madison Keys
46.8%
2014Dominika Cibulková
46.7%
2017Johanna Konta
46%
2012Roberta Vinci
45.8%
2013Roberta Vinci
45.8%
2011Vera Zvonareva
45.8%
2008Vera Zvonareva
45.8%
2005Vera Zvonareva
45.8%
2004Vera Zvonareva
45.8%
2015Karolína Plíšková
45.2%
2003Monica Seles
44.9%
2002Monica Seles
44.9%
2007Daniela Hantuchová
44.4%
2006Daniela Hantuchová
44.4%
2003Daniela Hantuchová
44.4%
2002Daniela Hantuchová
44.4%
2016Roberta Vinci
44.4%
2004Jennifer Capriati
44.3%
2003Jennifer Capriati
44.3%
2002Jennifer Capriati
44.3%
2001Jennifer Capriati
44.3%
2009Nadia Petrova
43.6%
2007Nadia Petrova
43.6%
2006Nadia Petrova
43.6%
2005Nadia Petrova
43.6%
2004Nadia Petrova
43.6%
2013Nadia Petrova
43.6%
2010Flavia Pennetta
43.4%
2009Flavia Pennetta
43.4%
2014Flavia Pennetta
42.9%
2014Carla Suárez Navarro
42.8%
2012Sabine Lisicki
42.7%
2015Carla Suárez Navarro
42.4%
2014Sabine Lisicki
42.2%
2016Carla Suárez Navarro
42%
2011Andrea Petkovic
42%
2015Andrea Petkovic
41.3%
2015Lucie Šafářová
40.6%
2009Zheng Jie
40.3%
2016Lucie Šafářová
40.1%
2015Madison Keys
38.8%
2012Maria Kirilenko
38.5%
2013Maria Kirilenko
38.5%
2002Arantxa Sánchez Vicario
38.5%
2001Arantxa Sánchez Vicario
38.5%
2015Ekaterina Makarova
38.5%
2016Madison Keys
38.3%
2016Timea Bacsinszky
38.3%
2011Anastasia Pavlyuchenkova
38.1%
2014Sloane Stephens
38%
2018CoCo Vandeweghe
37.3%
2009Patty Schnyder
35.1%
2008Patty Schnyder
35.1%
2007Patty Schnyder
35.1%
2006Patty Schnyder
35.1%
2005Patty Schnyder
35.1%
2004Patty Schnyder
35.1%
2008Anna Chakvetadze
31.9%
2007Anna Chakvetadze
31.9%
2007Shahar Pe'er
31.5%
2004Ai Sugiyama
30.9%
2003Ai Sugiyama
30.9%
2011Kaia Kanepi
30.8%
2001Conchita Martinez
30.7%
2004Paola Suárez
30.6%
2001Nathalie Tauziat
29.8%
2010Yanina Wickmayer
29.4%
2003Magdalena Maleeva
27.6%
2001Magdalena Maleeva
27.6%
2005Elena Likhovtseva
25.4%
2002Barbara Schett
25.2%
2003Jelena Dokić
25.1%
2002Jelena Dokić
25.1%
2001Jelena Dokić
25.1%
2008Ágnes Szávay
24.9%
2001Amanda Coetzer
24.6%
2006Anna-Lena Grönefeld
24.4%
2003Eleni Daniilidou
23.8%
2008Nicole Vaidišová
23.3%
2007Nicole Vaidišová
23.3%
2006Nicole Vaidišová
23.3%
2002Sandrine Testud
23.1%
2001Sandrine Testud
23.1%
2005Nathalie Dechy
22.8%
2005Elena Bovina
21.7%
2002Iroda Tulyaganova
21.7%
2010Aravane Rezaï
20.6%
2004Silvia Farina Elia
20%
2002Silvia Farina Elia
20%
2003Chanda Rubin
17.3%
2002Meghann Shaughnessy
15.7%
2001Meghann Shaughnessy
15.7%

You're not logged in!

Compare scores with friends on all Sporcle quizzes.
Join for Free
OR
Log In

You Might Also Like...

Show Comments

Extras

Top Quizzes Today


Score Distribution

Your Account Isn't Verified!

In order to create a playlist on Sporcle, you need to verify the email address you used during registration. Go to your Sporcle Settings to finish the process.

Report this User

Report this user for behavior that violates our Community Guidelines.

Details: